LIBRARY & INFORMATION CENTRE, KCAET, TAVANUR

ONLINE PUBLIC ACCESS CATALOGUE (OPAC)

Course in Internal Combustion Engines (Record no. 19312)

MARC details
000 -LEADER
fixed length control field 00407nam a22001697a 4500
003 - CONTROL NUMBER IDENTIFIER
control field OSt
008 - FIXED-LENGTH DATA ELEMENTS--GENERAL INFORMATION
fixed length control field 250205b |||||||| |||| 00| 0 eng d
041 ## - LANGUAGE CODE
Language code of text/sound track or separate title eng
082 ## - DEWEY DECIMAL CLASSIFICATION NUMBER
Classification number 621.43
Item number MAT/CO
100 ## - MAIN ENTRY--AUTHOR NAME
Personal name Mathur, ML
245 ## - TITLE STATEMENT
Title Course in Internal Combustion Engines
250 ## - EDITION STATEMENT
Edition statement 6th
260 ## - PUBLICATION, DISTRIBUTION, ETC. (IMPRINT)
Place of publication Delhi:
Name of publisher Dhanpat Rai & Sons,
Year of publication 1994.
300 ## - PHYSICAL DESCRIPTION
Number of Pages 898p.
700 ## - ADDED ENTRY--PERSONAL NAME
Personal name Sharma, RP
942 ## - ADDED ENTRY ELEMENTS (KOHA)
Koha item type Books
Holdings
Withdrawn status Lost status Damaged status Home library Current library Date acquired Cost, normal purchase price Full call number Accession Number Koha item type
      KAUAET KAUAET 05/02/2025 75.00 621.43 MAT/CO 18213 Books
      KAUAET KAUAET 05/02/2025 75.00 621.43 MAT/CO 18214 Books
free website counter